Представление документа в формате RUSMARC

ПолеНазваниеЗначение
  Тип записи a
  Библиографический уровень m
001 Контрольный номер Book/7226
005 Дата корректировки 20240209174427.1
010 Индекс ISBN __
a ISBN 978-5-8243-1143-3
b Уточнения в пер.
d Цена 150 р. 00 к.
9 Тираж 1 000 экз.
090 Данные записи __
a Состояние записи 66.1(2)
b Тип записи Книги
c Язык записи Русский
d Отрасль знаний (КСУ) Другая
e Секретность Несекретно
g Вид записи Монография (однотомник)
x Дата передачи записи для обработки К73
100 Данные общей обработки __
a Данные общей обработки 20101113d2013 u u 1rusy ||||ca
101 Язык документа 0_
a Язык текста rus
105 Кодированные данные (монография) __
a Кодированные данные (монография) a z 000yy
200 Заглавие и сведения об ответственности 1_
a Заглавие Избранные труды
b Общее обозначение материала Текст
f Первые сведения об ответственности С. А. Котляревский
g Последующие сведения об ответственности сост., авт. вступ. ст. и коммент. К. А. Соловьев
210 Выходные данные 1_
a Место издания Москва
c Издательство Российская политическая энциклопедия
d Дата издания 2010
215 Физическое описание __
a Объем 704 с.
d Формат 21,5 см.
225 Серия 1_
a Серия Библиотека отечественной общественной мысли с древнейших времен до начала ХХ века
300 Общие примечания __
a Общие примечания Ограничения по возрасту - 16+
606 Тематические рубрики 0_
a Основная рубрика История политических учений России
610 Ключевые слова 0_
a Ключевые слова политические учения
a Ключевые слова проблемы правового государства
a Ключевые слова внешняя политика
686 Индексы других классификаций __
a Классификационный индекс 66.1(2)
2 Код системы rubbk
700 Автор _1
a Фамилия Котляревский
b Имя (инициалы) Сергей Андреевич
g Полное личное имя С. А.
801 Источник записи _0
a Страна RU
b Организация МБУК ЦБС г. Ульяновска
c Дата составления 20101113
801 Источник записи _1
a Страна RU
b Организация МБУК ЦБС г. Ульяновска
c Дата составления 20101113
899 Данные о местонахождении __
3 Книга № 13703
a Местонахождение 21 ф
i Авторский знак К 73
j Расстановочный фильтр 66.1(2)
d Название фонда Инв.книга №1
q Состояние Свободно
x Инвентарный номер 142346
901 Тип документа __
t Тип документа m
910 Корректоры записи __
a Корректор записи Хисамова